Threesome-onyms Quiz Stats

Quiz Updated Aug 23, 2012

Also try: Three Thing Blitz
Challenge
Share
Tweet
Embed
Score 0/20 Timer 05:00
2 Plays Today
Threesome-nyms Actual Threesomes % Correct
Stone, Sheet, ShearsRock, Paper, Scissors
94.5%
Halt, Fall, and SomersaultStop, Drop, and Roll
91.7%
The Saintly, the Naughty, and the HomelyThe Good, the Bad, and the Ugly
87.6%
Dad, Male Offspring, and Divine SpiritFather, Son, and Holy Ghost
86.3%
Dirt, Breeze, and FlameEarth, Wind, and Fire
85.6%
Intercourse, Hallucinogens, and Raucous MusicSex, Drugs, and Rock 'n' Roll
84%
Jets, Locomotives, and CarsPlanes, Trains, and Automobiles
83.3%
Historical, Current, ForthcomingPast, Present, Future
81.5%
Rose, Bleached, and CyanRed, White, and Blue
79.4%
Triumph, Fail, or TieWin, Lose, or Draw
75.5%
Threesome-nyms Actual Threesomes % Correct
Persons, Cities, and StuffPeople, Places, and Things
73.3%
Thomas, Richard, and HaroldTom, Dick, and Harry
69.4%
Towering, Dusk, and ComelyTall, Dark, and Handsome
63.6%
Perusing, Authoring, MathReading, Writing, Arithmetic
60%
Jiggle, Clatter, and RotateShake, Rattle, and Roll
55.9%
Existence, Freedom, and the Tracking of JoyLife, Liberty, and the Pursuit of Happiness
54.8%
Decrease, Re-employ, ReconditionReduce, Reuse, Recycle
40.4%
Petrol, Chow, HotelGas, Food, Lodging
39.7%
Fit, Rich, and SmartHealthy, Wealthy, and Wise
32.6%
Belief, Optimism, and GoodwillFaith, Hope, and Charity
29.4%

You're not logged in!

Compare scores with friends on all Sporcle quizzes.
Join for Free
OR
Log In

You Might Also Like...

Show Comments

Extras

Top Quizzes Today


Score Distribution

Your Account Isn't Verified!

In order to create a playlist on Sporcle, you need to verify the email address you used during registration. Go to your Sporcle Settings to finish the process.

Report this User

Report this user for behavior that violates our Community Guidelines.

Details: